Name All the Rush Albums - Statistics

General Stats
  • This quiz has been taken 15 times
  • The average score is 15 of 19
Answer Stats
Release year Album Name % Correct
1976 2112
100%
1975 Caress of Steel
100%
1981 Moving Pictures
100%
1974 Rush
100%
1975 Fly by Night
92%
1978 Hemispheres
92%
1989 Presto
85%
1977 A Farewell to Kings
77%
1980 Permanent Waves
77%
1984 Grace Under Pressure
77%
1985 Power Windows
77%
1982 Signals
77%
1987 Hold Your Fire
69%
1991 Roll the Bones
69%
2007 Snakes & Arrows
69%
2012 Clockwork Angels
62%
1993 Counterparts
62%
2002 Vapor Trails
62%
1996 Test for Echo
54%
No matching quizzes found
Score Distribution
Percent of People with Each Score
Percentile by Number Answered
Your Score History
You have not taken this quiz